000 01813cam a22004457a 4500
001 17480882
003 OSt
005 20260429104044.0
008 121001s2012 at a bc 001 0 eng d
010 _a 2012493364
020 _a9781921503443
_qpbk.
035 _a17480882
035 _a(OCoLC)777976025
037 _bPO Box 3686 South Brisbane QLD 4101
040 _beng
_cFoundation University
041 1 _aeng
_hspa
042 _aanuc
_alccopycat
043 _au-at-qn
050 0 0 _aN 7106
_b.P67 2012
100 1 _aPortús Pérez, Javier.
_915772
245 1 0 _aPortrait of Spain :
_bmasterpieces from the Prado /
_c[Javier Portús Pérez, Gabriele Finaldi ; translated by Michael Agnew].
260 _aSouth Brisbane, Qld. :
_bQueensland Art Gallery,
_cc2012.
264 _42012
300 _a304 p. :
_bcol. ill. ;
_c31 cm.
_3books
_fbooks
336 _atext
_btxt
_2rdacontent
_3books
337 _aunmediated
_bn
_2rdamedia
_3books
338 _avolume
_bnc
_2rdacarrier
_3books
500 _aCatalog accompanies an exhibition held at the Queensland Art Gallery, Brisbane, Australia, July 21-Nov. 4, 2012.
504 _aIncludes bibliographical references (p. 285-296) and index.
610 2 0 _aMuseo del Prado
_vExhibitions.
_915773
650 0 _aArt, Spanish
_zSpain
_zMadrid
_vExhibitions.
_915774
655 7 _aExhibition catalogs.
_2lcgft
_0https://id.loc.gov/authorities/genreForms/gf2014026098
_912632
700 1 _aFinaldi, Gabriele.
_915775
710 2 _aQueensland Art Gallery.
_913987
710 2 _aMuseo del Prado.
_915776
906 _a7
_bcbc
_ccopycat
_d3
_encip
_f20
_gy-gencatlg
942 _2lcc
_cBK
_hN 7106
_i.2012 P67
_k(DAFA-FA)
999 _c5839
_d5839